[Event "Hessen-ch Gr-C 65th"]
[Site "Gladenbach"]
[Date "2011.04.24"]
[Round "7"]
[White "Klemp, Torben"]
[Black "Gertz, Berthold"]
[Result "1-0"]
[WhiteElo "1770"]
[BlackElo "1972"]
[PlyCount "117"]
[EventDate "2011.04.20"]
[EventType "swiss"]
[EventRounds "7"]
[EventCountry "GER"]
[SourceTitle "CBM 142 Extra"]
[Source "ChessBase"]
[SourceDate "2011.06.27"]
[SourceVersion "1"]
[SourceVersionDate "2011.06.27"]
[SourceQuality "1"]

1. d4 Nf6 2. Bf4 d5 3. e3 Bf5 4. Nf3 e6 5. Bd3 Bxd3 6. Qxd3 c5 7. c3 c4 8. Qc2 Bd6 9. Bxd6 Qxd6 10. Nbd2 Nc6 11. 0-0 0-0 12. e4 Nxe4 13. Nxe4 dxe4 14. Qxe4 h6 15. Rfe1 Rad8 16. g4 f5 17. Qxe6+ Qxe6 18. Rxe6 fxg4 19. Nd2 Na5 20. Rae1 Rf6 21. Re7 Rb6 22. Rb1 Rc6 23. Re5 b6 24. Rbe1 Rd7 25. Kg2 g6 26. Kg3 h5 27. Kh4 Kg7 28. Kg5 Rf6 29. Re7+ Rf7 30. Rxd7 Rxd7 31. Re6 Rd5+ 32. Re5 Rxe5+ 33. dxe5 b5 34. Ne4 Nc6 35. Kf4 a6 36. Nc5 a5 37. Ne6+ Kf7 38. Nd4 Na7 39. a3 Ke7 40. Ke4 Kd7 41. Kd5 h4 42. Kc5 a4 43. Kb6 Nc8+ 44. Kxb5 Kc7 45. Kxc4 Nb6+ 46. Kc5 Nd7+ 47. Kd5 Nb6+ 48. Ke6 Nc4 49. b3 axb3 50. Nxb3 Nxa3 51. Kf7 Nc4 52. e6 Ne5+ 53. Kf6 Kd6 54. Nc5 Nc6 55. Nd3 Kd5 56. Nb4+ Nxb4 57. cxb4 Ke4 58. Kg5 Kf3 59. e7 1-0

[Event "Hessen-ch Gr-C 65th"]
[Site "Gladenbach"]
[Date "2011.04.23"]
[Round "6"]
[White "Klemp, Torben"]
[Black "Koch, Thomas2222"]
[Result "1-0"]
[WhiteElo "1770"]
[BlackElo "1938"]
[PlyCount "89"]
[EventDate "2011.04.20"]
[EventType "swiss"]
[EventRounds "7"]
[EventCountry "GER"]
[SourceTitle "CBM 142 Extra"]
[Source "ChessBase"]
[SourceDate "2011.06.27"]
[SourceVersion "1"]
[SourceVersionDate "2011.06.27"]
[SourceQuality "1"]

1. d4 g6 2. Bf4 Bg7 3. e3 f5 4. Nf3 d6 5. Bc4 e6 6. c3 Nf6 7. Ng5 Qe7 8. Qb3 d5 9. Be2 h6 10. Nf3 0-0 11. Ne5 Kh7 12. h4 Nfd7 13. h5 Nxe5 14. Bxe5 g5 15. Bg3 c6 16. Nd2 e5 17. dxe5 Bxe5 18. Bxe5 Qxe5 19. Nf3 Qe7 20. 0-0-0 Nd7 21. Qc2 Nc5 22. Nd4 Qe4 23. Rhg1 Bd7 24. Nb3 Qxc2+ 25. Kxc2 Nxb3 26. Kxb3 Be6 27. Kc2 Rad8 28. Rd2 f4 29. Bd3+ Kg7 30. exf4 Rxf4 31. Re2 Rd6 32. Rge1 Kf6 33. f3 b6 34. b3 g4 35. Re3 Bf5 36. Bxf5 Kxf5 37. Re5+ Kf6 38. Re8 gxf3 39. Rf8+ Kg5 40. Re5+ Kg4 41. Rg8+ Kh4 42. g3+ Kh3 43. gxf4 f2 44. Re3+ Kh2 45. Rf3 1-0

[Event "DSSM WK2"]
[Site "Husum"]
[Date "2002.05.11"]
[Round "4.3"]
[White "Klemp, Torben"]
[Black "Fingerhut, Anja"]
[Result "1-0"]
[WhiteElo "1563"]
[BlackElo "968"]
[PlyCount "65"]
[EventDate "2002.05.10"]
[EventType "team"]
[EventRounds "7"]
[EventCountry "GER"]
[SourceTitle "CBM 088 Extra"]
[Source "ChessBase"]
[SourceDate "2002.07.01"]
[SourceVersion "2"]
[SourceVersionDate "2002.07.01"]
[SourceQuality "1"]

1. d4 d5 2. Bf4 Nc6 3. e3 Bf5 4. Nf3 e6 5. Bd3 Bg6 6. Nbd2 Bd6 7. Bxg6 hxg6 8. Ne5 Nxe5 9. dxe5 Bc5 10. Nf3 Qd7 11. Qe2 0-0-0 12. 0-0-0 Qa4 13. Kb1 Ne7 14. b3 Qe4 15. Ng5 Qf5 16. g4 Qxf4 17. exf4 f6 18. Nxe6 Ba3 19. Nxd8 Rxd8 20. exf6 gxf6 21. Qe6+ Kb8 22. c4 c6 23. Rhe1 f5 24. g5 Kc7 25. Qf7 a6 26. Rxe7+ Bxe7 27. Qxe7+ Rd7 28. Qe5+ Kc8 29. cxd5 cxd5 30. Rxd5 Rxd5 31. Qxd5 Kb8 32. Kc2 Ka7 33. Kc3 1-0